| 000 | 00337nam a2200121Ia 4500 | ||
|---|---|---|---|
| 008 | 220120s9999||||xx |||||||||||||| ||und|| | ||
| 082 | _a823 CLA | ||
| 100 |
_aClark, Mary Huggins _911900 |
||
| 245 | 4 | _aThe melody lingers on | |
| 260 |
_aSimon and Schuster _bNew Delhi _c2015 |
||
| 300 |
_aXXIII,856p. _b399 |
||
| 650 | _aPROGRAMMING LANGUAGE | ||
| 999 |
_c137439 _d137439 |
||